Rushton and another v Worcester City Council (Record no. 68549)

MARC details
000 -LEADER
fixed length control field 01021cam a2200217 4500
001 - CONTROL NUMBER
control field X115074
008 - FIXED-LENGTH DATA ELEMENTS--GENERAL INFORMATION
fixed length control field 011011n2001 000 0 eng u
035 ## - SYSTEM CONTROL NUMBER
System control number (Sirsi) u115074
245 ## - TITLE STATEMENT
Title Rushton and another v Worcester City Council
260 ## - PUBLICATION, DISTRIBUTION, ETC.
Date of publication, distribution, etc. 2001
490 ## - SERIES STATEMENT
Series statement Estates Gazette
Volume/sequential designation [2001] 41 EG 149 (CS) (31/3/01)
520 ## - SUMMARY, ETC.
Summary, etc. CA 16 March 2001. Tenant exercising right to buy - local authority landlords failing to notify tenant of structural defect in property - tenant bringing action for breach of statutory duty and misrepresentation - judge finding in favour of tenant and awarding damages - local authority appealing - whether remedy of misrepresentation available - Housing Act 1985 part V and Misrepresentation Act 1967 s2 - appeal allowed.
650 ## - SUBJECT ADDED ENTRY--TOPICAL TERM
Topical term or geographic name entry element MISREPRESENTATION ACT 1967
650 ## - SUBJECT ADDED ENTRY--TOPICAL TERM
Topical term or geographic name entry element MISREPRESENTATION
650 ## - SUBJECT ADDED ENTRY--TOPICAL TERM
Topical term or geographic name entry element HOUSING ACT 1985
650 ## - SUBJECT ADDED ENTRY--TOPICAL TERM
Topical term or geographic name entry element RIGHT TO BUY
650 ## - SUBJECT ADDED ENTRY--TOPICAL TERM
Topical term or geographic name entry element HOUSING
650 ## - SUBJECT ADDED ENTRY--TOPICAL TERM
Topical term or geographic name entry element RUSHTON AND ANOTHER V WORCESTER CITY COUNCIL
690 ## - LOCAL SUBJECT ADDED ENTRY--TOPICAL TERM (OCLC, RLIN)
Topical term or geographic name as entry element HOUSING-CASE LAW
942 ## - ADDED ENTRY ELEMENTS (KOHA)
Suppress in OPAC 0
Holdings
Withdrawn status Lost status Source of classification or shelving scheme Damaged status Not for loan Home library Current library Shelving location Date acquired Total Checkouts Full call number Barcode Date last seen Copy number Price effective from Koha item type
    Dewey Decimal Classification     London London News article 11/10/2001   X115074 115074-1001 06/08/2019 1 06/08/2019 Law report